000 00400nam a2200157 i 4500
001 23279
003 ES-MaACL
005 20230906152838.0
007 t|
008 021210s1969 sp ||||1| spa d
100 1 _aAlvarez, J. L.
_920641
245 1 0 _aElsa Scheelen /
_cJ.L. Alvarez.
260 _aBilbao :
_bKriselu,
_c[1969]
300 _a348 p. ;
_c19 cm.
852 _aES-MaACL
_jC-50316
_bR.70352
999 _c23279
_d23279